ბათუმის შოთა რუსთაველის სახელმწიფო უნივერსიტეტის ბიბლიოთეკა

სუბტროპიკული ეთერზეთოვანი კულტურები. (ბიბ.ჩანაწერი № 44708)

000 -LEADER
fixed length control field 00689nam a2200205Ia 4500
001 - CONTROL NUMBER
control field 11513
003 - CONTROL NUMBER IDENTIFIER
control field GE_BSU
008 - FIXED-LENGTH DATA ELEMENTS--GENERAL INFORMATION
fixed length control field 181216s||||||||xx |||||||||||||| ||und||
040 ## - CATALOGING SOURCE
Transcribing agency GE_BSU
080 ## - UNIVERSAL DECIMAL CLASSIFICATION NUMBER
Universal Decimal Classification number 633.8
100 ## - MAIN ENTRY--PERSONAL NAME
Personal name ცქიტიშვილ,გ.
245 ## - TITLE STATEMENT
Title სუბტროპიკული ეთერზეთოვანი კულტურები.
245 ## - TITLE STATEMENT
Statement of responsibility, etc. რედ:ვ.ვ.ფანჩულაძე.
260 ## - PUBLICATION, DISTRIBUTION, ETC.
Place of publication, distribution, etc. თბილისი.
260 ## - PUBLICATION, DISTRIBUTION, ETC.
Name of publisher, distributor, etc. ცოდნა.
260 ## - PUBLICATION, DISTRIBUTION, ETC.
Date of publication, distribution, etc. 1962.
300 ## - PHYSICAL DESCRIPTION
Extent 175გვ;23სმ.
653 ## - INDEX TERM--UNCONTROLLED
Uncontrolled term სუბტროპიკული ეთერზეთოვანი კულტურები.
942 ## - ADDED ENTRY ELEMENTS (KOHA)
Koha item type წიგნი
ეგზემპლარები
Withdrawn status Lost status Damaged status Not for loan Date acquired Barcode Date last seen Price effective from Koha item type
        2018-12-17 20072 2018-12-17 2018-12-17 წიგნი
        2018-12-17 20071 2018-12-17 2018-12-17 წიგნი
        2018-12-17 20070 2018-12-17 2018-12-17 წიგნი
        2018-12-17 20069 2018-12-17 2018-12-17 წიგნი
        2018-12-17 20068 2018-12-17 2018-12-17 წიგნი
        2018-12-17 20067 2018-12-17 2018-12-17 წიგნი
        2018-12-17 20066 2018-12-17 2018-12-17 წიგნი